The contemporary concordance of Bible topics : (Record no. 6664)

MARC details
000 -LEADER
fixed length control field 00784cam a2200241 a 4500
001 - CONTROL NUMBER
control field 1951999
003 - CONTROL NUMBER IDENTIFIER
control field GBCCL
005 - DATE AND TIME OF LATEST TRANSACTION
control field 20241126110608.0
008 - FIXED-LENGTH DATA ELEMENTS--GENERAL INFORMATION
fixed length control field 870902s1988 ilu i 000 0 eng
010 ## -
-- 87062609
020 ## - INTERNATIONAL STANDARD BOOK NUMBER
International Standard Book Number 0896934381
040 ## - CATALOGING SOURCE
Original cataloging agency DLC
Transcribing agency DLC
Modifying agency DLC
050 00 -
-- BS432
-- .A53 1988
082 00 - DEWEY DECIMAL CLASSIFICATION NUMBER
Classification number 220.52013
Edition information 19
Item number CON
100 1# - MAIN ENTRY--PERSONAL NAME
Personal name Anderson, Ken,
Dates associated with a name 1917-2006.
9 (RLIN) 10582
245 14 - TITLE STATEMENT
Title The contemporary concordance of Bible topics :
Remainder of title the entire Bible indexed by subject matter /
Statement of responsibility, etc. edited and compiled by Ken Anderson.
260 ## - PUBLICATION, DISTRIBUTION, ETC.
Place of publication, distribution, etc. Wheaton, Ill. :
Name of publisher, distributor, etc. Victor Books,
Date of publication, distribution, etc. c1988.
300 ## - PHYSICAL DESCRIPTION
Extent 438 p. ;
Dimensions 24 cm.
630 00 - SUBJECT ADDED ENTRY--UNIFORM TITLE
Uniform title Bible
General subdivision Indexes.
9 (RLIN) 8790
906 ## - LOCAL DATA ELEMENT F, LDF (RLIN)
a 7
b cbc
c orignew
d 2
e opcn
f 19
g y-gencatlg
942 ## - ADDED ENTRY ELEMENTS (KOHA)
Source of classification or shelving scheme Dewey Decimal Classification
Koha item type Reference Books
Holdings
Withdrawn status Lost status Source of classification or shelving scheme Damaged status Not for loan Home library Current Library Shelving location Date acquired Total checkouts Full call number Barcode Date last seen Copy number Price effective from Koha item type
    Dewey Decimal Classification     GRACE BIBLE COLLEGE GRACE BIBLE COLLEGE Concordance 2018-05-23   220.52013 CON 001725 2025-05-01 c.1 2018-05-23 Reference Books
© Grace Bible College Library 2025